| 000 | 01744nam a2200217Ia 4500 | ||
|---|---|---|---|
| 999 |
_c7974 _d7974 |
||
| 005 | 20230428162616.0 | ||
| 008 | 230427s9999 xx 000 0 und d | ||
| 020 | _a9505741782 | ||
| 040 |
_aUPAN _cBiblioteca San Vicente _eRCAA2 |
||
| 041 | _aspa | ||
| 082 |
_a341481 _bB533d |
||
| 100 |
_aBidart Campos, German J. _4aut. |
||
| 245 | 0 |
_aLos derechos humanos del siglo XXI/ _bGerman J. Bidart Campos |
|
| 250 | _a1° ed. | ||
| 260 |
_aBuenos Aires: _bEdiar, _c2005 |
||
| 300 |
_a274 p.: _c15 cm. |
||
| 505 | _a1. El aporte del Derecho Internacional de los Derechos Humanos al Derecho Constitucional Argentino 2. La corrupciòn vs. la fuerza normativa de los Derechos Humanos 3. El Derecho Penal Humanitario y su realidad en la practica de los tribunales Internacionales de la ex-Yugoslavia, Rwanda y la Corte Penal Internacional 4. El Poder Judicial en el siglo XXI: Impacto del orden Internacional de los Derechos Humanos en la Jurisprudencia de la Corte Suprema de Estados Unidos de Amèrica 5. Derechos Humanos y Justicia Constitucional: Intimidad y autonomia personal 6. Los Derechos Humanos como limites a la democracia 7. Los Derechos Economicos, Sociales y Culturales, hoy 8. Acerca del Derecho Financiero y Tributario de los Derechos Humanos 9. Mundo del trabajo, bienestar general, derechos humanos 10. El Derecho Humano a la tutela judicial efectiva y sus vulneraciones en el ambito de la seguridad social 11. Derechos Humanos, Bioetica y Medio Ambiente 12. La iglesia y los Derechos Humanos en el siglo XXI 13. Los desafios del regimen de los Derechos Humanos en la Argentina del siglo XXI 14. Los Derechos Humanos hacia el futuro | ||
| 650 |
_2LEMB _aDerecho |
||
| 700 |
_aGuido I. Risso _4col. |
||
| 942 |
_cBK _2ddc |
||